| 000 | 00756nam a2200229Ia 4500 | ||
|---|---|---|---|
| 003 | GCL | ||
| 008 | 140319s9999 xx 000 0 ara d | ||
| 040 |
_aGCL / _cGCL |
||
| 082 | 0 | 4 |
_a301.01 _bس د |
| 100 | 1 | _aسامية مصطفى الخشاب | |
| 245 | 1 | 0 |
_aدراسات فى الاجتماع الدينى الكتاب الاول علم الاجتماع الدينى / _cسامية مصطفى الخشاب |
| 260 |
_a[S.N] : _bدار المعارف ، _c1993 |
||
| 300 | _a255 ص | ||
| 490 | _a | ||
| 650 | 0 | 4 | _aالمناهج |
| 650 | 0 | 4 | _aالاسلام والمجتمع |
| 650 | 0 | 4 | _aنظريات |
| 650 | 0 | 4 | _aالاجتماع |
| 650 | 0 | 4 | _aالاجتماع الاسلامى |
| 650 | 0 | 4 | _aالاجتماع الدينى |
| 942 |
_2ddc _cBK |
||
| 999 |
_c55873 _d55873 |
||